| 000 | 00708nam a2200217Ia 4500 | ||
|---|---|---|---|
| 001 | dia_6693 | ||
| 003 | CHAP | ||
| 005 | 20251030134213.0 | ||
| 008 | 220117s1978 xx 000 0 und d | ||
| 010 | _a177953 | ||
| 040 |
_cCHAP _amxchpua |
||
| 090 | _aF 98 1978 | ||
| 100 |
_aCastañeda Castro, Rubén _919894 |
||
| 245 |
_aCombate de avena silvestre (Avena fatua L.) en el cultivo del trigo en el Valle del Humaya, Sin. / _c Rubén Castañeda Castro |
||
| 260 |
_aMéxico : _b SARH. Instituto Nacional de Investigaciones Agrícolas, _c1978 |
||
| 300 | _a16 p. | ||
| 901 | _aF 98 1978 | ||
| 902 | _aM | ||
| 905 | _a0000001978 MX 0000000000SPA00 | ||
| 942 |
_cFOLL _2local |
||
| 999 |
_c177953 _d177953 |
||